Catálogo

METODOLOGIA DE LA INVESTIGACION : (Registro nro. 49352)

Detalles MARC
000 -LEADER
fixed length control field 00889nam a2200205 a 4500
001 - CONTROL NUMBER
control field 49352
005 - DATE AND TIME OF LATEST TRANSACTION
control field 20180714034018.0
008 - FIXED-LENGTH DATA ELEMENTS--GENERAL INFORMATION
fixed length control field 140415s2004 mx 000 0 spa d
020 ## - INTERNATIONAL STANDARD BOOK NUMBER
International Standard Book Number 9701046110
041 ## - LANGUAGE CODE
Language code of text/sound track or separate title spa
082 ## - DEWEY DECIMAL CLASSIFICATION NUMBER
Classification number 001.42
Item number MOR
100 1# - MAIN ENTRY--PERSONAL NAME
Personal name MORLOTE SAMPERIO, NORMA
245 10 - TITLE STATEMENT
Title METODOLOGIA DE LA INVESTIGACION :
Remainder of title CUADERNO DE TRABAJO
250 ## - EDITION STATEMENT
Edition statement 1a ed.
260 ## - PUBLICATION, DISTRIBUTION, ETC.
Place of publication, distribution, etc. MEXICO :
Name of publisher, distributor, etc. MCGRAW-HILL INTERAMERICANA EDITORES,
Date of publication, distribution, etc. 2004
300 ## - PHYSICAL DESCRIPTION
Extent 194
Dimensions 21 x 1.2 x 27
520 ## - SUMMARY, ETC.
Summary, etc. EL TEXTO ES RESULTADO DE LA EXPERIENCIA MEDIANTE LAS NECESIDADES DE LOS ALUMNOS Y PROFESORES. ES UN MANUAL DE ACTIVIDADES,APOYANDO LA FORMA PRACTICA Y SENCILLA DE COMPRENCION Y APRENDIZAJE DE LOS CONCEPTOS FUNDAMENTALES QUE PUEDEN APLICARSE EN SITUACIONES REALES RESOLUCIONANDO PROBLEMAS.
650 14 - SUBJECT ADDED ENTRY--TOPICAL TERM
Topical term or geographic name entry element METODOLOGIA
General subdivision INVESTIGACION
700 1# - ADDED ENTRY--PERSONAL NAME
Personal name CELISEO SANTAMARIA, RODRIGO
Relator term coaut.
Existencias
Withdrawn status Lost status Source of classification or shelving scheme Damaged status Not for loan Collection code Home library Current library Shelving location Date acquired Source of acquisition Inventory number Total Checkouts Full call number Barcode Date last seen Date last checked out Price effective from Koha item type
    Dewey Decimal Classification     General Biblioteca Karol Wojtyla Biblioteca Karol Wojtyla Sala general 03/12/2013 Compra 151000000000000000065321 1 '001.42 MOR 73794 05/01/2026 12/02/2019 03/12/2013 Libro